00286nam a2200097 a 450000500170000000800410001705000180005810000230007624500550009926000340015420140414131857.0100826s19uu xx 00 eng d aFILbG81 2006 aIbardolaza, Honoel aThe greediest of Rajahs and the whitest of clouds. aPhilippines :bAdarna,c2006.